Избранные математические труды; Пафнутий Львович Чебышев; Краткий обзор математических трудов П. Л. Чебышева; Теорема П. Л. Чебышева относительно наилучшего приближения непрерывной функции с помощью рациональной дроби при наличии веса
| Autor Principal: | |
|---|---|
| Idioma: | ruso |
| Publicado: |
Москва, Гос. изд-во технико-теоретической литературы, 1946
|
| TOC: | А. М. Ляпунов, Пафнутий Львович Чебышев; Н. И. Ахиезер, Краткий обзор математических трудов П. Л. Чебышева; Н. И. Ахиезер, Теорема П. Л. Чебышева относительно наилучшего приближения непрерывной функции с помощью рациональной дроби при наличии веса; |
| Series: | Классики естествознания |
| Subjects: | |
| Formato: | MixedMaterials Libro |
| KOHA link: | https://koha.lib.tpu.ru/cgi-bin/koha/opac-detail.pl?biblionumber=199317 |
MARC
| LEADER | 00000nam0a2200000 4500 | ||
|---|---|---|---|
| 001 | 199317 | ||
| 005 | 20231101224856.0 | ||
| 035 | |a (RuTPU)RU\TPU\book\217345 | ||
| 090 | |a 199317 | ||
| 100 | |a 20110801d1946 k y0rusy50 ca | ||
| 101 | 0 | |a rus | |
| 102 | |a RU | ||
| 105 | |a c z 001zb | ||
| 200 | 1 | |a Избранные математические труды |f П. Л. Чебышев | |
| 210 | |a Москва |c Гос. изд-во технико-теоретической литературы |d 1946 |a Ленинград | ||
| 215 | |a 199 с. |c портр. | ||
| 225 | 1 | |a Классики естествознания |e Математика. Механика. Физика. Астрономия. | |
| 320 | |a Список сочинений П. Л. Чебышева: с. 22-26 | ||
| 464 | |t Пафнутий Львович Чебышев |f А. М. Ляпунов | ||
| 464 | |t Краткий обзор математических трудов П. Л. Чебышева |f Н. И. Ахиезер | ||
| 464 | |t Теорема П. Л. Чебышева относительно наилучшего приближения непрерывной функции с помощью рациональной дроби при наличии веса |f Н. И. Ахиезер | ||
| 600 | 1 | |a Чебышев |g Пафнутий Львович |b П. Л. |c российский математик |c академик Петербургской АН |f 1821-1894 |2 stltpush |3 (RuTPU)RU\TPU\pers\1339 | |
| 610 | 1 | |a математика | |
| 610 | 1 | |a история науки | |
| 610 | 1 | |a 19 век | |
| 675 | |a 51(09) |v 3 | ||
| 700 | 1 | |a Чебышев |b П. Л. |c российский математик |c академик Петербургской АН |f 1821-1894 |g Пафнутий Львович |2 stltpush |3 (RuTPU)RU\TPU\pers\1339 |9 600 | |
| 801 | 1 | |a RU |b 63413507 |c 20110801 | |
| 801 | 2 | |a RU |b 63413507 |c 20191114 |g RCR | |
| 942 | |c BK | ||